| 000 | 00497nam a2200145 a 4500 | ||
|---|---|---|---|
| 001 | 000039742 | ||
| 005 | 20201002033717.0 | ||
| 008 | 130718s2013 dr 000 0 spa d | ||
| 020 | _a9789945165548 | ||
| 040 |
_aDO-SdBNP _bspa _cBNPHU |
||
| 100 | 1 |
_aCastillo Ureña, Nicolás Adolfo _965933 |
|
| 245 | 1 | 3 |
_aEl sobreviviente : _botros hispano que triunfa en los Estados Unidos / _cNicolás Adolfo Castillo Ureña. |
| 260 |
_aSanto Domingo : _bEditora Búho, _c2013. |
||
| 300 |
_a232 p. : _bil. ; _c25 cm. |
||
| 999 |
_c39232 _d39232 |
||